[Event "Bad Woerishofen Seniors opA 22th"]
[Site "Bad Woerishofen"]
[Date "2006.03.25"]
[Round "9"]
[White "Fehres, Werner"]
[Black "Fels, Karl Heinz"]
[Result "1-0"]
[WhiteElo "1798"]
[BlackElo "1715"]
[PlyCount "55"]
[EventDate "2006.03.17"]
[EventType "swiss"]
[EventRounds "9"]
[EventCountry "GER"]
[SourceTitle "EXT 2022"]
[Source "ChessBase"]
[SourceDate "2021.10.06"]
[SourceVersion "1"]
[SourceVersionDate "2021.10.06"]
[SourceQuality "1"]

1. e4 e5 2. Nf3 Nc6 3. Bc4 Nf6 4. Qe2 Bc5 5. c3 0-0 6. b4 Bb6 7. 0-0 d6 8. d3 Bg4 9. a4 a5 10. b5 Ne7 11. Be3 c5 12. h3 Bh5 13. Bg5 h6 14. Bxf6 gxf6 15. g4 Bg6 16. Nh4 Kh7 17. Qf3 Ng8 18. Na3 Qd7 19. Nc2 Bd8 20. Ne3 Be7 21. Kh2 Rab8 22. Rg1 Qd8 23. Nhg2 Kh8 24. h4 Bh7 25. Nf5 Bxf5 26. gxf5 Qe8 27. Qg4 Bd8 28. Ne3 1-0

[Event "Bad Woerishofen Seniors opA 22th"]
[Site "Bad Woerishofen"]
[Date "2006.03.21"]
[Round "5"]
[White "Fehres, Werner"]
[Black "Paulsen, Eckart"]
[Result "1/2-1/2"]
[WhiteElo "1798"]
[BlackElo "1739"]
[PlyCount "84"]
[EventDate "2006.03.17"]
[EventType "swiss"]
[EventRounds "9"]
[EventCountry "GER"]
[SourceTitle "EXT 2022"]
[Source "ChessBase"]
[SourceDate "2021.10.06"]
[SourceVersion "1"]
[SourceVersionDate "2021.10.06"]
[SourceQuality "1"]

1. e4 e6 2. f4 d5 3. e5 c5 4. Nf3 Nc6 5. c3 d4 6. d3 Nh6 7. Na3 Nf5 8. Qe2 Be7 9. g3 dxc3 10. bxc3 Qa5 11. Qb2 Qd8 12. Be2 h5 13. Nc2 b6 14. Ne3 Nh6 15. h3 Ba6 16. Qc2 Bb7 17. 0-0 0-0 18. Bb2 Rc8 19. Qd1 Qc7 20. Rc1 Rfd8 21. g4 hxg4 22. hxg4 Bf8 23. Qe1 Ne7 24. Qg3 Bxf3 25. Rxf3 Ng6 26. Kg2 Be7 27. Rh1 Rd7 28. d4 Qd8 29. g5 cxd4 30. cxd4 Nf5 31. Nxf5 exf5 32. Bd3 Rxd4 33. Bxd4 Qxd4 34. Bxf5 Qd2+ 35. Kh3 Rc5 36. Rh2 Qd1 37. Rd3 Qh5+ 38. Kg2 Rc2+ 39. Kh1 Rc1+ 40. Kg2 Qe2+ 41. Kh3 Qh5+ 42. Kg2 Qe2+ 1/2-1/2

[Event "Hessen-ch Seniors"]
[Site "Offenbach"]
[Date "2005.04.02"]
[Round "6"]
[White "Schulz, Eckhard"]
[Black "Fehres, Werner"]
[Result "1-0"]
[WhiteElo "1823"]
[BlackElo "2022"]
[PlyCount "77"]
[EventDate "2005.03.28"]
[EventType "swiss"]
[EventRounds "7"]
[EventCountry "GER"]
[SourceTitle "EXT 2006"]
[Source "ChessBase"]
[SourceDate "2005.11.24"]
[SourceVersion "1"]
[SourceVersionDate "2005.11.24"]
[SourceQuality "1"]

1. d4 f5 2. g3 Nf6 3. Bg2 e6 4. Nf3 c6 5. 0-0 Be7 6. c4 Na6 7. Nc3 Nc7 8. Rb1 0-0 9. b4 d6 10. a4 Bd7 11. Bb2 Rb8 12. b5 Ne4 13. Qd3 d5 14. c5 Be8 15. Ne5 Bf6 16. f4 g5 17. e3 Qe7 18. bxc6 bxc6 19. Ba3 Bxe5 20. Rxb8 Bf6 21. Ne2 Qg7 22. Bc1 a6 23. Bd2 g4 24. Ba5 Qd7 25. Rfb1 Bd8 26. R1b7 Bg6 27. Bxc7 Bxc7 28. Rxf8+ Kxf8 29. Qxa6 Nf6 30. Qa8+ Qd8 31. Ra7 Bb8 32. Rb7 Bc7 33. Qxd8+ Bxd8 34. Ra7 Be8 35. a5 Bd7 36. Nc3 Ke8 37. Na4 Ng8 38. Nb6 Nf6 39. a6 1-0

[Event "Hessen-ch Seniors"]
[Site "Offenbach"]
[Date "2005.03.31"]
[Round "5"]
[White "Fehres, Werner"]
[Black "Rapoport, Vladimir"]
[Result "0-1"]
[WhiteElo "2022"]
[BlackElo "2253"]
[PlyCount "90"]
[EventDate "2005.03.28"]
[EventType "swiss"]
[EventRounds "7"]
[EventCountry "GER"]
[SourceTitle "EXT 2006"]
[Source "ChessBase"]
[SourceDate "2005.11.24"]
[SourceVersion "1"]
[SourceVersionDate "2005.11.24"]
[SourceQuality "1"]

1. e4 c5 2. f4 Nf6 3. d3 d5 4. e5 Ng8 5. c3 Nc6 6. Na3 Nh6 7. Be2 e6 8. Nc2 Nf5 9. Nf3 Be7 10. 0-0 h5 11. g3 Bd7 12. Bd2 Qb6 13. Rb1 0-0-0 14. Be1 Rdg8 15. Bf2 f6 16. b4 Qc7 17. b5 Nd8 18. d4 c4 19. Ne3 Nxe3 20. Bxe3 Qa5 21. h4 Bxb5 22. Qd2 Bd7 23. a4 Qc7 24. a5 Nf7 25. Kh1 Nh6 26. Rb2 Ng4 27. Rfb1 Bc6 28. Bg1 Qd8 29. Bf1 fxe5 30. Nxe5 Nxe5 31. fxe5 g5 32. Bh3 Rg6 33. Be3 gxh4 34. gxh4 Bxh4 35. Rf1 Qe7 36. Qc1 Bg3 37. Qc2 Rhg8 38. Rf3 Qh4 39. Qg2 Bxe5 40. Qf1 Bd6 41. Rh2 Bxh2 42. Rf8+ Rxf8 43. Qxf8+ Qd8 44. Qxd8+ Kxd8 45. Kxh2 Ba4 0-1

[Event "Tiefenbach op"]
[Site "Tiefenbach"]
[Date "2005.01.21"]
[Round "9"]
[White "Thonig, Manfred"]
[Black "Fehres, Werner"]
[Result "1/2-1/2"]
[WhiteElo "1904"]
[BlackElo "2022"]
[PlyCount "37"]
[EventDate "2005.01.??"]
[EventType "swiss"]
[EventRounds "9"]
[EventCountry "GER"]
[SourceTitle "EXT 2006"]
[Source "ChessBase"]
[SourceDate "2005.11.24"]
[SourceVersion "1"]
[SourceVersionDate "2005.11.24"]
[SourceQuality "1"]

1. f4 d5 2. Nf3 Nf6 3. e3 e6 4. b3 Bd6 5. Bb2 c6 6. Be2 Nbd7 7. d4 0-0 8. Ne5 Ne8 9. 0-0 f6 10. Nxd7 Bxd7 11. Nd2 Qe7 12. Nf3 Rd8 13. Bd3 f5 14. Ne5 Bc8 15. Rf3 Nf6 16. Rh3 Bd7 17. Qe1 Be8 18. Be2 g6 19. Nf3 1/2-1/2

[Event "Tiefenbach op"]
[Site "Tiefenbach"]
[Date "2005.01.16"]
[Round "4"]
[White "Fehres, Werner"]
[Black "Gerhards, Walter"]
[Result "1/2-1/2"]
[WhiteElo "2022"]
[BlackElo "1999"]
[PlyCount "138"]
[EventDate "2005.01.??"]
[EventType "swiss"]
[EventRounds "9"]
[EventCountry "GER"]
[SourceTitle "EXT 2006"]
[Source "ChessBase"]
[SourceDate "2005.11.24"]
[SourceVersion "1"]
[SourceVersionDate "2005.11.24"]
[SourceQuality "1"]

1. e4 e6 2. f4 c5 3. c3 Nc6 4. Nf3 Nf6 5. d3 b6 6. Be3 Ng4 7. Bg1 Bb7 8. h3 Nf6 9. Nbd2 Be7 10. g3 d6 11. Bg2 Nd7 12. Bf2 Bf6 13. 0-0 0-0 14. Qe2 Re8 15. Rfe1 Qc7 16. Rac1 Rad8 17. h4 g6 18. Be3 Bg7 19. Nf1 Nf6 20. N3h2 h5 21. Bf3 Qe7 22. Qc2 Qd7 23. Rcd1 Qc8 24. Bc1 Ne7 25. Rd2 Qa8 26. Rf2 Kh7 27. Ne3 Nfg8 28. Qe2 Nh6 29. Nhf1 d5 30. Nc2 Nc6 31. Nd2 d4 32. c4 Ne7 33. Qf1 Neg8 34. Qh3 Nf6 35. Rfe2 Nfg4 36. Nf1 Qc8 37. Nh2 f5 38. Qg2 Nxh2 39. Kxh2 Kg8 40. e5 Bxf3 41. Qxf3 Qa6 42. Na3 Bf8 43. b3 Qc8 44. Nc2 a6 45. Bd2 b5 46. Rb1 b4 47. a3 bxa3 48. Ra1 Rd7 49. Rxa3 Rb7 50. Re1 Qb8 51. Rb1 Be7 52. Na1 Ng4+ 53. Kg1 Qc8 54. Rb2 Bd8 55. Rba2 a5 56. Bxa5 Bxa5 57. Rxa5 Qc7 58. Ra6 Re7 59. Rc6 Qb8 60. Rxc5 Kf7 61. Ra3 Rb4 62. Ra8 Qb6 63. Rcc8 Rxb3 64. Rf8+ Kg7 65. Rg8+ Kh7 66. Rh8+ Kg7 67. Rhg8+ Kh7 68. Nxb3 Qxb3 69. Rgb8 Qc2 1/2-1/2

[Event "GER-chT Seniors 13th"]
[Site "Dresden"]
[Date "2004.08.03"]
[Round "3"]
[White "Ganslmayer, Herbert"]
[Black "Fehres, Werner"]
[Result "1/2-1/2"]
[WhiteElo "2077"]
[BlackElo "2033"]
[PlyCount "91"]
[EventDate "2004.08.01"]
[EventType "team"]
[EventRounds "7"]
[EventCountry "GER"]
[SourceTitle "CBM 103 Extra"]
[Source "ChessBase"]
[SourceDate "2005.01.01"]
[SourceVersion "1"]
[SourceVersionDate "2005.01.01"]
[SourceQuality "1"]

1. d4 d5 2. e3 e6 3. f4 Nf6 4. Bd3 c5 5. c3 Nc6 6. Nf3 c4 7. Bc2 Bd6 8. 0-0 b5 9. a3 a5 10. Nbd2 Qc7 11. Ne5 Ne7 12. Qe1 g6 13. Qh4 Nh5 14. g4 Ng7 15. Ndf3 Ng8 16. Nxg6 Be7 17. Nxe7 Qxe7 18. Qxe7+ Nxe7 19. e4 Ra6 20. e5 h5 21. g5 Ngf5 22. Bd2 a4 23. Rae1 Ng6 24. Re2 Nge7 25. Be1 Ng6 26. Nd2 Ke7 27. Rf3 Bd7 28. Nf1 Raa8 29. Ne3 Nxe3 30. Rexe3 Rag8 31. f5 exf5 32. Bxf5 Be6 33. h3 Rg7 34. Kh2 Rhg8 35. Bxg6 Rxg6 36. Bh4 Rh8 37. Rf6 Rhg8 38. Ref3 R8g7 39. Rxg6 fxg6 40. Kg3 Rg8 41. Rf6 Rg7 42. Kg2 Rg8 43. Be1 Rg7 44. Kg3 Rg8 45. h4 Rg7 46. Bd2 1/2-1/2

[Event "EU-chT Seniors 06th"]
[Site "Dresden"]
[Date "2004.02.24"]
[Round "3.4"]
[White "Fehres, Werner"]
[Black "Tochtermann, Georg"]
[Result "1/2-1/2"]
[WhiteElo "2042"]
[BlackElo "2045"]
[PlyCount "46"]
[EventDate "2004.02.22"]
[EventType "team-swiss"]
[EventRounds "7"]
[EventCountry "GER"]
[SourceTitle "CBM 099 Extra"]
[Source "ChessBase"]
[SourceDate "2004.05.04"]
[SourceVersion "1"]
[SourceVersionDate "2004.05.04"]
[SourceQuality "1"]
[WhiteTeam "Hessen II"]
[BlackTeam "Rheno Palatinat"]
[WhiteTeamCountry "GER"]
[BlackTeamCountry "GER"]

1. e4 d6 2. d4 Nf6 3. Bd3 e5 4. d5 b6 5. c4 g6 6. Nc3 Bg7 7. Nge2 Nbd7 8. 0-0 0-0 9. b4 a5 10. b5 Re8 11. a4 h6 12. Bd2 Nf8 13. f3 g5 14. Kh1 Nh5 15. g3 Ng6 16. Ng1 Nf6 17. Ra2 Bd7 18. Bc1 Rc8 19. Rff2 Nh7 20. Rae2 f5 21. exf5 Bxf5 22. Ne4 Nf6 23. Nxf6+ Bxf6 1/2-1/2

[Event "Alpenpokal op 30th"]
[Site "Tiefenbach"]
[Date "2004.??.??"]
[Round "6"]
[White "Poell, Guenter"]
[Black "Fehres, Werner"]
[Result "1/2-1/2"]
[WhiteElo "1765"]
[BlackElo "1791"]
[PlyCount "33"]
[EventDate "2004.01.08"]
[EventType "swiss"]
[EventRounds "9"]
[EventCountry "GER"]
[SourceTitle "EXT 2006"]
[Source "ChessBase"]
[SourceDate "2005.11.24"]
[SourceVersion "1"]
[SourceVersionDate "2005.11.24"]
[SourceQuality "1"]

1. f4 d5 2. Nf3 e6 3. d4 Nf6 4. e3 Bd6 5. Bd3 Nc6 6. c3 a6 7. b4 Bd7 8. Bb2 b5 9. a3 Ng4 10. Qe2 f5 11. h3 Nf6 12. Ne5 0-0 13. Nd2 Qe7 14. Nxd7 Qxd7 15. g4 Ne4 16. Bxe4 fxe4 17. 0-0-0 1/2-1/2

[Event "Wch Seniors 13th"]
[Site "Bad Zwischenahn"]
[Date "2003.??.??"]
[Round "?"]
[White "Michaelis, Ernst"]
[Black "Fehres, Werner"]
[Result "1-0"]
[WhiteElo "1820"]
[BlackElo "1785"]
[PlyCount "85"]
[EventDate "2003.11.16"]
[EventType "swiss"]
[EventRounds "11"]
[EventCountry "GER"]
[SourceTitle "CBM 097 Extra"]
[Source "ChessBase"]
[SourceDate "2004.01.13"]
[SourceVersion "1"]
[SourceVersionDate "2004.01.13"]
[SourceQuality "1"]

1. e4 d6 2. d4 Nd7 3. Nf3 c6 4. c4 e5 5. d5 c5 6. Bd3 Be7 7. Nc3 Ngf6 8. 0-0 h6 9. h3 g5 10. Nh2 Nf8 11. Be2 Ng6 12. Ng4 Nf4 13. Nxf6+ Bxf6 14. Bg4 h5 15. Bxc8 Qxc8 16. Kh2 g4 17. h4 Qd8 18. g3 Ng6 19. Rh1 Qe7 20. Qa4+ Kf8 21. Nd1 Bxh4 22. Ne3 Bf6 23. Nf5 Qc7 24. Kg2 Bg7 25. Be3 Kg8 26. Qd1 Ne7 27. Nxg7 Kxg7 28. f4 f6 29. fxe5 fxe5 30. Rxh5 Rxh5 31. Qxg4+ Ng6 32. Qxh5 Rh8 33. Qg4 Qc8 34. Qxc8 Rxc8 35. Rh1 a6 36. Bh6+ Kg8 37. Kf3 b5 38. Kg4 Rc7 39. Kf5 Ne7+ 40. Ke6 Nc8 41. Bg5 Rh7 42. Rxh7 Kxh7 43. Bd8 1-0

[Event "Hessen-ch Seniors"]
[Site "Bruchkoebel"]
[Date "2002.03.27"]
[Round "6"]
[White "Fehres, Werner"]
[Black "Stumpf, Walter"]
[Result "1/2-1/2"]
[WhiteElo "2104"]
[BlackElo "2035"]
[PlyCount "54"]
[EventDate "2002.03.22"]
[EventType "swiss"]
[EventRounds "9"]
[EventCountry "GER"]
[SourceTitle "EXT 2003"]
[Source "ChessBase"]
[SourceDate "2002.11.25"]
[SourceVersion "1"]
[SourceVersionDate "2002.11.25"]
[SourceQuality "1"]

1. e4 c5 2. f4 d6 3. Nf3 e6 4. c3 Nc6 5. Na3 g6 6. Nc2 Bg7 7. d4 Nge7 8. Be3 cxd4 9. cxd4 0-0 10. Qd2 d5 11. e5 a5 12. Be2 Qb6 13. 0-0 Bd7 14. Rfb1 Rfb8 15. b3 Bf8 16. a3 Rc8 17. h3 Rc7 18. Nfe1 Rac8 19. Rb2 Na7 20. a4 Nac6 21. Bf2 Nb4 22. Ne3 Nbc6 23. Ng4 Nf5 24. Nf6+ Kh8 25. Rd1 Ncxd4 26. Bf1 Bc5 27. Nd3 Nxb3 1/2-1/2

[Event "Hessen-ch Seniors"]
[Site "Bruchkoebel"]
[Date "2002.03.26"]
[Round "5"]
[White "Schmidt, Erich"]
[Black "Fehres, Werner"]
[Result "0-1"]
[WhiteElo "1726"]
[BlackElo "2104"]
[PlyCount "51"]
[EventDate "2002.03.22"]
[EventType "swiss"]
[EventRounds "9"]
[EventCountry "GER"]
[SourceTitle "EXT 2003"]
[Source "ChessBase"]
[SourceDate "2002.11.25"]
[SourceVersion "1"]
[SourceVersionDate "2002.11.25"]
[SourceQuality "1"]

1. d4 c6 2. Nf3 Nf6 3. Bf4 d5 4. c3 Nfd7 5. e3 e6 6. Bd3 c5 7. Nbd2 c4 8. Bc2 Be7 9. e4 Nf6 10. e5 Nfd7 11. h4 a5 12. a3 g6 13. Ng5 Nf8 14. Qf3 h6 15. Nxf7 Kxf7 16. Bxh6+ Ke8 17. Bxf8 Rxf8 18. Bxg6+ Kd7 19. Qg4 Kc7 20. h5 Bd7 21. f4 Rg8 22. Qh3 Qf8 23. Rf1 Qh6 24. Bc2 Rf8 25. g3 Be8 26. 0-0-0 0-1

[Event "Hessen-ch Seniors"]
[Site "Bruchkoebel"]
[Date "2002.03.24"]
[Round "3"]
[White "Laux, Gerhard"]
[Black "Fehres, Werner"]
[Result "1-0"]
[WhiteElo "1755"]
[BlackElo "2104"]
[PlyCount "117"]
[EventDate "2002.03.22"]
[EventType "swiss"]
[EventRounds "9"]
[EventCountry "GER"]
[SourceTitle "EXT 2003"]
[Source "ChessBase"]
[SourceDate "2002.11.25"]
[SourceVersion "1"]
[SourceVersionDate "2002.11.25"]
[SourceQuality "1"]

1. c4 c6 2. Nf3 d6 3. d4 Qc7 4. e4 e5 5. Be2 Be7 6. Nc3 Nf6 7. 0-0 0-0 8. b3 Nbd7 9. Bb2 Re8 10. d5 Nf8 11. Rc1 Ng6 12. Re1 Bd7 13. Bf1 Ng4 14. h3 Nh6 15. Kh2 c5 16. Bd3 Nf4 17. Ne2 Nxd3 18. Qxd3 f5 19. Ng3 f4 20. Ne2 g5 21. g4 Bf6 22. Rg1 Kg7 23. Qc3 Re7 24. Nxf4 Rf8 25. Nh5+ Kg6 26. Qe3 Nf7 27. Ng3 h6 28. Nf5 Ree8 29. Rc2 Rh8 30. Kg3 h5 31. Rcc1 Qc8 32. Rh1 Bxf5 33. gxf5+ Kg7 34. h4 gxh4+ 35. Nxh4 Bg5 36. f4 Bf6 37. Bc3 Rh6 38. Ng6 Rg8 39. fxe5 Nxe5 40. Bxe5 Bxe5+ 41. Nxe5 dxe5 42. Rcg1 Kh7+ 43. Kf2 Qf8 44. Rxg8 Kxg8 45. Rg1+ Kh7 46. Qg3 Ra6 47. a4 Rb6 48. Qg5 Rh6 49. Qg3 Qh8 50. Ke2 Rb6 51. Qg5 Qf8 52. Kd2 Qh6 53. Qxh6+ Rxh6 54. Rg6 Rxg6 55. fxg6+ Kxg6 56. Ke3 h4 57. Kf3 Kg5 58. a5 b6 59. a6 1-0